| 000 | 00427nam a2200145Ia 4500 | ||
|---|---|---|---|
| 008 | 210210b1970 xxu||||| |||| 00| 0 eng d | ||
| 082 | _a546 RAWP | ||
| 100 | _aRAWCLIFFE (C T) & RAWSON (D H). | ||
| 245 | _aPrinciples of inorganic & theoretical chemistry. | ||
| 260 |
_aLondon _bHeinemann Educational Books Ltd., _c1970 |
||
| 300 | _a431 | ||
| 650 | _aInorganic Chemistry | ||
| 690 | _aInorganic Chemistry | ||
| 906 | _aCC00027 | ||
| 999 |
_c109080 _d109080 |
||